[Event "21st Sant Marti Open 2019"]
[Site "Barcelona ESP"]
[Date "2019.07.19"]
[Round "7.51"]
[White "Centelles Vives, Aleix"]
[Black "Tejes, Suresh Kumar"]
[Result "0-1"]
[WhiteElo "1983"]
[BlackElo "1771"]
[PlyCount "86"]
[EventDate "2019.07.13"]
[EventType "swiss"]
[EventRounds "9"]
[EventCountry "ESP"]
[SourceTitle "OM OTB B 201907"]
[Source "Opening Master"]
[SourceDate "2019.07.06"]
[SourceVersion "2"]
[SourceVersionDate "2019.07.06"]
[SourceQuality "1"]

1. e4 e5 2. Nf3 Nc6 3. c3 d5 4. Qa4 Qd6 5. exd5 Qxd5 6. d4 Bd7 7. Bb5 e4 8. Ng5
e3 9. Nf3 exf2+ 10. Kxf2 Nf6 11. Re1+ Be7 12. c4 Qf5 13. Kg1 O-O 14. d5 Bc5+
15. Be3 Bxe3+ 16. Rxe3 a6 17. Bxc6 bxc6 18. dxc6 Qc5 19. Qa3 Qxc6 20. Ne5 Qb6
21. c5 Qb7 22. Nxd7 Nxd7 23. Nd2 Qd5 24. Rd3 Qxc5+ 25. Qxc5 Nxc5 26. Rc3 Ne6
27. Nb3 Rab8 28. Rb1 Rb5 29. Rc6 Rb6 30. Rbc1 Rfb8 31. R6c4 g6 32. R1c2 Rb4 33.
R4c3 R8b5 34. Rc6 Rb6 35. R6c3 Kg7 36. Kf2 R6b5 37. g3 Rf5+ 38. Kg2 Rfb5 39.
Kf2 a5 40. Ke1 a4 41. Nc5 Nxc5 42. Rxc5 Rxc5 43. Rxc5 Rxb2 0-1

[Event "TCh-TUR Club 2019"]
[Site "Konya TUR"]
[Date "2019.07.17"]
[Round "2.13"]
[White "Ozmen, Kemal"]
[Black "Kaymak, Cenk Bahadir"]
[Result "1-0"]
[WhiteElo "1472"]
[BlackElo "1573"]
[PlyCount "51"]
[EventDate "2019.07.16"]
[EventType "team"]
[EventRounds "9"]
[EventCountry "TUR"]
[SourceTitle "OM OTB B 201907"]
[Source "Opening Master"]
[SourceDate "2019.07.06"]
[SourceVersion "2"]
[SourceVersionDate "2019.07.06"]
[SourceQuality "1"]
[WhiteTeam "GENCLIK VE SPOR KULUBU SAMSUN"]
[BlackTeam "BAGLARBASI SPOR KULUBU"]

1. e4 e5 2. Nf3 Nc6 3. c3 d5 4. Qa4 Qd6 5. exd5 Qxd5 6. Bb5 Bd7 7. O-O Bc5 8.
Re1 O-O-O 9. b4 e4 10. bxc5 exf3 11. d4 Nf6 12. Qb3 Qh5 13. Nd2 fxg2 14. Be2
Bg4 15. f3 Be6 16. Qc2 Rhe8 17. Ne4 Bd5 18. Nxf6 gxf6 19. Bf4 Qh4 20. Qd2 Na5
21. Bg3 Qh5 22. Qf4 Rd7 23. Bb5 Re6 24. Bxd7+ Kxd7 25. Qxc7+ Ke8 26. Qc8+ 1-0

[Event "30th Czech Rapid G1 2019"]
[Site "Pardubice CZE"]
[Date "2019.07.17"]
[Round "1.17"]
[White "Gazik, Viktor"]
[Black "Frolov, Aleksey G."]
[Result "1-0"]
[WhiteElo "2525"]
[BlackElo "2174"]
[PlyCount "55"]
[EventDate "2019.07.17"]
[EventType "swiss (rapid)"]
[EventRounds "9"]
[EventCountry "CZE"]
[SourceTitle "OM OTB B 201907"]
[Source "Opening Master"]
[SourceDate "2019.07.06"]
[SourceVersion "2"]
[SourceVersionDate "2019.07.06"]
[SourceQuality "1"]

1. e4 e5 2. Nf3 Nc6 3. c3 d5 4. Qa4 dxe4 5. Nxe5 Qd5 6. Nxc6 bxc6 7. Bc4 Qd6 8.
O-O Nf6 9. d4 Be7 10. Re1 O-O 11. Nd2 Ng4 12. Nf1 Bf5 13. h3 Nf6 14. Bg5 c5 15.
dxc5 Qxc5 16. Be3 Qe5 17. Ng3 Bc5 18. Qa5 Nd7 19. Bxc5 Nxc5 20. b4 Nd7 21. Nxf5
c5 22. Ng3 Qxc3 23. Rac1 Qxb4 24. Qxb4 cxb4 25. Nxe4 Ne5 26. Ba6 Rab8 27. Nc5
Rfe8 28. Rxe5 1-0

[Event "126th ch-SCO Open 2019"]
[Site "Edinburgh SCO"]
[Date "2019.07.12"]
[Round "7.24"]
[White "Wynarczyk, R."]
[Black "Volland, Ben"]
[Result "1-0"]
[WhiteElo "1852"]
[BlackElo "1846"]
[PlyCount "73"]
[EventDate "2019.07.06"]
[EventType "swiss"]
[EventRounds "9"]
[EventCountry "SCO"]
[SourceTitle "The Week in Chess 1288"]
[Source "Mark Crowther"]
[SourceDate "2019.07.15"]
[SourceVersion "1"]
[SourceVersionDate "2019.07.15"]
[SourceQuality "2"]

1. e4 e5 2. Nf3 Nc6 3. c3 d6 4. d4 Bg4 5. Bb5 a6 6. Bxc6+ bxc6 7. dxe5 dxe5 8.
Qxd8+ Rxd8 9. Nbd2 f6 10. h3 Bh5 11. g4 Bf7 12. O-O Rd3 13. Kg2 h5 14. g5 Be6
15. Rh1 Bd6 16. Ne1 Rxh3 17. Rxh3 Bxh3+ 18. Kxh3 fxg5 19. Nc4 g4+ 20. Kg2 Nf6
21. Nd3 h4 22. Ncxe5 h3+ 23. Kh1 Bxe5 24. Nxe5 g3 25. fxg3 Nxe4 26. Kh2 Nxg3
27. Kxg3 h2 28. Bh6 Rxh6 29. Rh1 Re6 30. Nf3 Rg6+ 31. Kxh2 Rh6+ 32. Kg2 Rg6+
33. Kf2 Rf6 34. Ke3 Ke7 35. Rh4 c5 36. Nd2 Kd6 37. Ne4+ 1-0

[Event "Platja d'Aro op-B 7th"]
[Site "Platja d'Aro"]
[Date "2019.06.27"]
[Round "4"]
[White "Plantada Siurans, Estanislau"]
[Black "Vidal Palou, Jordi"]
[Result "1-0"]
[WhiteElo "1487"]
[BlackElo "1632"]
[PlyCount "97"]
[EventDate "2019.06.24"]
[EventType "swiss"]
[EventRounds "9"]
[EventCountry "ESP"]
[SourceTitle "OM OTB B 201907"]
[Source "Opening Master"]
[SourceDate "2019.07.06"]
[SourceVersion "2"]
[SourceVersionDate "2019.07.06"]
[SourceQuality "1"]

1. e4 e5 2. Nf3 Nc6 3. c3 d6 4. d4 exd4 5. cxd4 Bg4 6. Be3 Nf6 7. Bd3 Be7 8. h3
Bh5 9. Nbd2 O-O 10. Qb3 Na5 11. Qc2 c5 12. O-O Rc8 13. d5 Bg6 14. Nh4 Nd7 15.
Nxg6 fxg6 16. f4 Bf6 17. Qa4 b6 18. Ba6 Rb8 19. Bb5 Rb7 20. Rab1 Rc7 21. Rfc1
Nb8 22. Bd3 a6 23. b4 cxb4 24. Qxb4 Rxc1+ 25. Rxc1 b5 26. Nf3 Nb7 27. e5 dxe5
28. fxe5 Be7 29. Qe4 Ba3 30. Rc2 Nd7 31. d6 Na5 32. Ng5 Qe8 33. Qd5+ Kh8 34. e6
Nf6 35. Qe5 Nc6 36. Qc3 Nd5 37. Qxa3 Nxe3 38. Re2 Rf1+ 39. Kh2 Nd5 40. Rd2 Re1
41. Re2 Rd1 42. d7 Qb8+ 43. g3 Nf4 44. Bc2 Rg1 45. gxf4 Rxg5 46. Qf3 Rh5 47. e7
Nxe7 48. Rxe7 Rxh3+ 49. Kxh3 1-0

[Event "13th Llinars del Valles"]
[Site "Llinars del Valles ESP"]
[Date "2019.06.08"]
[Round "7.16"]
[White "Fernandez Climent, Albert"]
[Black "Deulonder Camins, Xavier"]
[Result "0-1"]
[WhiteElo "1580"]
[BlackElo "1905"]
[PlyCount "112"]
[EventDate "2019.03.30"]
[SourceTitle "The Week in Chess 1284"]
[Source "Mark Crowther"]
[SourceDate "2019.06.17"]
[SourceVersion "1"]
[SourceVersionDate "2019.06.17"]
[SourceQuality "2"]

1. e4 e5 2. Nf3 Nc6 3. c3 d5 4. Qa4 dxe4 5. Nxe5 Qd5 6. Nxc6 bxc6 7. Bc4 Qd6 8.
O-O Nf6 9. d3 Ng4 10. g3 Be7 11. Bf4 Qg6 12. h3 Nh6 13. Bd5 O-O 14. Qxc6 Bxh3
15. Qxg6 hxg6 16. Bxa8 Bxf1 17. Bxe4 Bh3 18. Bxc7 Rc8 19. Bf4 Be6 20. Nd2 Nf5
21. d4 g5 22. Be3 Nxe3 23. fxe3 Bd6 24. Kg2 f5 25. Bd3 a5 26. e4 g6 27. d5 Bd7
28. Rf1 f4 29. Nc4 Bb8 30. d6 Bb5 31. b3 Kg7 32. e5 Bc6+ 33. Kf2 Ba7+ 34. Ke2
fxg3 35. Ne3 Re8 36. Rg1 g2 37. d7 Bxd7 38. Rxg2 Rxe5 39. Rg3 Kf6 40. Rf3+ Bf5
41. Kd2 Bxe3+ 42. Rxe3 Rd5 43. Ke2 g4 44. Bc4 Rc5 45. a4 Kg5 46. Bb5 Kf4 47.
Kf2 Be4 48. Re1 Rxc3 49. Bc4 g3+ 50. Kg1 g5 51. Rf1+ Bf3 52. Bf7 g4 53. Bc4 Rc2
54. Re1 Rg2+ 55. Kf1 Rh2 56. Kg1 Rh1# 0-1

[Event "FRA-ch rapid final"]
[Site "Le Blanc Mesnil"]
[Date "2019.05.31"]
[Round "2.1"]
[White "Lagarde, Maxime"]
[Black "Firouzja, Alireza"]
[Result "1-0"]
[WhiteElo "2600"]
[BlackElo "2682"]
[PlyCount "121"]
[EventDate "2019.05.31"]
[EventType "k.o. (rapid)"]
[EventRounds "3"]
[EventCountry "FRA"]
[SourceTitle "OM OTB B 201907"]
[Source "Opening Master"]
[SourceDate "2019.07.06"]
[SourceVersion "2"]
[SourceVersionDate "2019.07.06"]
[SourceQuality "1"]

1. e4 e5 2. Nf3 Nc6 3. c3 d5 4. Qa4 Qd6 5. d4 exd4 6. e5 Qg6 7. cxd4 Bd7 8. Qd1
Nb4 9. Na3 Ne7 10. Be3 Nf5 11. Qb3 Nxe3 12. fxe3 c5 13. Rc1 c4 14. Nxc4 dxc4
15. Bxc4 Qxg2 16. Rf1 Rc8 17. Bxf7+ Kd8 18. Rxc8+ Bxc8 19. Rf2 Qh1+ 20. Rf1 Qg2
21. Rf2 Qg4 22. a3 Nc6 23. d5 Nb8 24. Qc3 Na6 25. d6 Bd7 26. Nd4 Qg1+ 27. Rf1
Qg2 28. Ne6+ Bxe6 29. Bxe6 Qc6 30. Qxc6 bxc6 31. b4 Nc7 32. dxc7+ Kxc7 33. Rf7+
Kb6 34. Ke2 a5 35. bxa5+ Kxa5 36. Ra7+ Kb6 37. Ra8 g6 38. Bc4 Bg7 39. Rxh8 Bxh8
40. e6 Bf6 41. a4 Ka5 42. Bb3 Kb4 43. Bd1 Bd8 44. Kd3 Kc5 45. Ke4 Kd6 46. Bb3
Ba5 47. Kf4 Bd8 48. e4 Ke7 49. e5 Bb6 50. Ke4 h5 51. h4 Bf2 52. a5 Ba7 53. a6
Bg1 54. Bc4 Ba7 55. Kd3 Bg1 56. Kc2 Ba7 57. Kd2 Bf2 58. Ke2 Bc5 59. Kf3 Kd8 60.
Kf4 Kc7 61. Kg5 1-0

[Event "Muensterland Verbandsliga 1819 playoff"]
[Site "Germany"]
[Date "2019.05.25"]
[Round "2.6"]
[White "Brands, Julian"]
[Black "Wigger, Frank"]
[Result "1/2-1/2"]
[WhiteElo "1719"]
[BlackElo "1824"]
[PlyCount "30"]
[EventDate "2019.05.18"]
[EventType "team-k.o."]
[EventRounds "2"]
[EventCountry "GER"]
[SourceTitle "OM OTB B 201907"]
[Source "Opening Master"]
[SourceDate "2019.07.06"]
[SourceVersion "2"]
[SourceVersionDate "2019.07.06"]
[SourceQuality "1"]
[WhiteTeam "Gescher"]
[BlackTeam "Metelen"]
[WhiteTeamCountry "GER"]
[BlackTeamCountry "GER"]

1. e4 e5 2. Nf3 Nc6 3. c3 d5 4. Qa4 f6 5. exd5 Qxd5 6. d4 Bd7 7. Qb3 Qxb3 8.
axb3 exd4 9. Nxd4 Bc5 10. Be3 Bxd4 11. cxd4 Nb4 12. Na3 Bc6 13. Bc4 Ne7 14. O-O
a6 15. Rfe1 O-O-O 1/2-1/2

[Event "Dutch League 2018-19"]
[Site "Netherlands NED"]
[Date "2019.05.11"]
[Round "9.10"]
[White "Broekmeulen, Ja"]
[Black "Van Wessel, R."]
[Result "1-0"]
[WhiteElo "2371"]
[BlackElo "2395"]
[PlyCount "67"]
[EventDate "2018.09.15"]
[EventType "team-tourn"]
[SourceTitle "The Week in Chess 1279"]
[Source "Mark Crowther"]
[SourceDate "2019.05.13"]
[SourceVersion "1"]
[SourceVersionDate "2019.05.13"]
[SourceQuality "2"]

1. e4 e5 2. Nf3 Nc6 3. c3 f5 4. d4 fxe4 5. Nxe5 Nf6 6. Bg5 Qe7 7. Nxc6 bxc6 8.
Nd2 d5 9. Be2 Qf7 10. Be3 Bd6 11. c4 Qg6 12. Qa4 Bd7 13. O-O-O O-O 14. c5 Be7
15. h3 a5 16. g4 Qe8 17. Rde1 Qb8 18. g5 Ne8 19. f3 Qb4 20. Qc2 exf3 21. a3 Qb7
22. Nxf3 Bf5 23. Qc3 g6 24. Ne5 Ng7 25. Bd1 a4 26. h4 Be4 27. Rh2 Nh5 28. Bd2
Qb5 29. Qh3 Bf5 30. Bg4 Rae8 31. Bxf5 Rxf5 32. Ng4 Nf4 33. Bxf4 Rxf4 34. Nf6+
1-0

[Event "ch-VIE w 2019"]
[Site "Ho Chi Minh City VIE"]
[Date "2019.05.07"]
[Round "6.6"]
[White "Pham Thi Thu Hien"]
[Black "Doan, T."]
[Result "0-1"]
[WhiteElo "2090"]
[BlackElo "1968"]
[PlyCount "114"]
[EventDate "2019.05.02"]
[EventType "swiss"]
[EventRounds "9"]
[EventCountry "VIE"]
[SourceTitle "The Week in Chess 1279"]
[Source "Mark Crowther"]
[SourceDate "2019.05.13"]
[SourceVersion "1"]
[SourceVersionDate "2019.05.13"]
[SourceQuality "2"]

1. e4 e5 2. Nf3 Nc6 3. c3 d5 4. Qa4 f6 5. d3 Be6 6. Be2 Bd6 7. O-O Nge7 8. Be3
O-O 9. Re1 Ng6 10. exd5 Bxd5 11. Qb5 Nce7 12. c4 Bc6 13. Qb3 b6 14. Nc3 Kh8 15.
Nb5 Nf5 16. d4 Bxb5 17. cxb5 e4 18. Nd2 Nxe3 19. fxe3 f5 20. Nc4 f4 21. exf4
Bxf4 22. Rad1 Bd6 23. Nxd6 cxd6 24. d5 Qf6 25. Rf1 Nf4 26. Qe3 Qxb2 27. Rxf4
Rxf4 28. Qxf4 Qxe2 29. Rf1 Rg8 30. a4 Qc4 31. Qxd6 Qxa4 32. Qe6 Qxb5 33. Qxe4
h6 34. h4 Rd8 35. h5 a5 36. Rf7 Qc5+ 37. Kh2 Qd6+ 38. Kh3 Kg8 39. Re7 Rf8 40.
Re6 Qd7 41. Kh2 b5 42. d6 Qf7 43. Qe5 Kh7 44. Qe4+ Qf5 45. Qe2 Qf4+ 46. Kh3
Qf5+ 47. Kh2 Rd8 48. Re5 Qf4+ 49. g3 Qf7 50. Rxb5 a4 51. Qc2+ Kh8 52. Ra5 a3
53. g4 Qf4+ 54. Kh3 Qf3+ 55. Kh2 Re8 56. Rxa3 Qxa3 57. d7 Qd6+ 0-1

[Event "V Concordia Open 2019"]
[Site "Concordia BRA"]
[Date "2019.05.05"]
[Round "9.44"]
[White "Cordeiro, Yan Henrique"]
[Black "Scardini, Leonardo"]
[Result "1-0"]
[WhiteElo "1679"]
[BlackElo "1281"]
[PlyCount "53"]
[EventDate "2019.05.01"]
[EventType "swiss"]
[EventRounds "9"]
[EventCountry "BRA"]
[SourceTitle "The Week in Chess 1279"]
[Source "Mark Crowther"]
[SourceDate "2019.05.13"]
[SourceVersion "1"]
[SourceVersionDate "2019.05.13"]
[SourceQuality "2"]

1. e4 e5 2. Nf3 Nc6 3. c3 Nf6 4. d4 exd4 5. e5 Nd5 6. cxd4 Bb4+ 7. Bd2 Bxd2+ 8.
Qxd2 O-O 9. Bc4 Nce7 10. Nc3 Nxc3 11. bxc3 d5 12. exd6 Qxd6 13. O-O Bg4 14. Ne5
Be6 15. Rfe1 Bxc4 16. Nxc4 Qd7 17. Rab1 b6 18. Ne5 Qd6 19. Re2 Nc6 20. Rbe1
Nxe5 21. Rxe5 Rfd8 22. Qe3 Kf8 23. Qe4 g6 24. Re7 Rab8 25. Qh4 h5 26. R1e6 Qa3
27. Qf6 1-0

[Event "Heraklion Tal Memorial 1st"]
[Site "Heraklion"]
[Date "2019.05.05"]
[Round "7"]
[White "De Seroux, Camille"]
[Black "Megalios, Konstantinos"]
[Result "1/2-1/2"]
[WhiteElo "2151"]
[BlackElo "2411"]
[PlyCount "34"]
[EventDate "2019.04.29"]
[EventType "tourn"]
[EventRounds "9"]
[EventCountry "GRE"]
[EventCategory "1"]
[SourceTitle "OM OTB B 201907"]
[Source "Opening Master"]
[SourceDate "2019.07.06"]
[SourceVersion "2"]
[SourceVersionDate "2019.07.06"]
[SourceQuality "1"]

1. e4 e5 2. Nf3 Nc6 3. c3 Nf6 4. d4 Nxe4 5. d5 Bc5 6. dxc6 Bxf2+ 7. Ke2 bxc6 8.
Qa4 f5 9. Nbd2 Bb6 10. Nxe4 fxe4 11. Qxe4 O-O 12. Kd1 d5 13. Qxe5 Bg4 14. Qg3
Qd7 15. Bd2 Qf5 16. Ba6 Rae8 17. h3 Bh5 1/2-1/2

[Event "Adygea rapid op"]
[Site "Maikop"]
[Date "2019.05.03"]
[Round "9"]
[White "Airapetian, Valentin"]
[Black "Kashlev, Viktor"]
[Result "0-1"]
[WhiteElo "1686"]
[BlackElo "1939"]
[PlyCount "59"]
[EventDate "2019.05.02"]
[EventType "swiss (rapid)"]
[EventRounds "9"]
[EventCountry "RUS"]
[SourceTitle "OM OTB B 201907"]
[Source "Opening Master"]
[SourceDate "2019.07.06"]
[SourceVersion "2"]
[SourceVersionDate "2019.07.06"]
[SourceQuality "1"]

1. e4 e5 2. Nf3 Nc6 3. c3 Bc5 4. Bb5 Bb6 5. O-O Nge7 6. d4 exd4 7. cxd4 O-O 8.
d5 Nb8 9. Nc3 d6 10. Na4 Nd7 11. Nxb6 axb6 12. Re1 Ng6 13. Qc2 Nf6 14. Bg5 Bg4
15. Nd4 Rc8 16. f3 Bd7 17. Bxd7 Qxd7 18. Rac1 Ne8 19. Re3 f6 20. Ne6 fxg5 21.
Nxf8 Kxf8 22. a4 h6 23. b4 Nf4 24. b5 Kg8 25. h3 Qe7 26. Rce1 Qe5 27. Qd2 Rd8
28. a5 bxa5 29. Qxa5 b6 30. R3e2 0-1

[Event "RUS-chT U14 final"]
[Site "Sochi"]
[Date "2019.05.03"]
[Round "3.1"]
[White "Volegova, Polina"]
[Black "Sepiashvili, Ivan"]
[Result "0-1"]
[WhiteElo "1716"]
[BlackElo "1713"]
[PlyCount "155"]
[EventDate "2019.05.01"]
[EventType "team-tourn"]
[EventRounds "9"]
[EventCountry "RUS"]
[SourceTitle "OM OTB B 201907"]
[Source "Opening Master"]
[SourceDate "2019.07.06"]
[SourceVersion "2"]
[SourceVersionDate "2019.07.06"]
[SourceQuality "1"]

1. e4 e5 2. Nf3 Nc6 3. c3 Nf6 4. d4 d6 5. dxe5 Nxe5 6. Nxe5 dxe5 7. Qxd8+ Kxd8
8. Bg5 Be7 9. Nd2 Nd7 10. Be3 c6 11. Bc4 f6 12. b4 b5 13. Bb3 a5 14. bxa5 Rxa5
15. O-O Nc5 16. Bc2 Ra3 17. Rfd1 Kc7 18. Nb3 Nxb3 19. Bxb3 Rd8 20. h3 Bd7 21.
Rac1 c5 22. Bd5 c4 23. Rd2 Bc6 24. Kf1 Rda8 25. Rcc2 Bxd5 26. exd5 Bd6 27. g3
Kd7 28. Re2 Rb8 29. Bc1 Ra5 30. Bd2 Bc5 31. Be3 Kd6 32. Red2 Rc8 33. Rb2 f5 34.
Ke2 Bxe3 35. fxe3 Rc5 36. e4 fxe4 37. Ke3 Ra3 38. Rbc2 b4 39. Kxe4 bxc3 40. Rd1
Rb5 41. Rdc1 Rxd5 42. Rxc3 Rd4+ 43. Kf5 Rd3 44. Rxc4 Rf3+ 45. Kg4 Rxg3+ 46. Kh4
Rxh3+ 47. Kg4 Rag3+ 48. Kf5 Rh5+ 49. Ke4 Rh4+ 50. Kf5 Rxc4 51. Rxc4 Rf3+ 52.
Kg5 Ra3 53. Rh4 Rxa2 54. Rxh7 Rg2+ 55. Kf5 g6+ 56. Ke4 Rg4+ 57. Kf3 Rf4+ 58.
Kg3 Ke6 59. Ra7 Kf5 60. Ra5 g5 61. Rb5 g4 62. Rb3 Rd4 63. Ra3 Rd5 64. Ra8 Rd3+
65. Kg2 Rf3 66. Rf8+ Ke4 67. Rg8 Kf4 68. Rf8+ Ke3 69. Rg8 g3 70. Rg7 e4 71. Rg4
Rf2+ 72. Kxg3 Rb2 73. Rg8 Ke2 74. Kf4 Rb4 75. Rg2+ Kd3 76. Rg3+ e3+ 77. Kf3 e2
78. Rg1 0-1

[Event "V Concordia Open 2019"]
[Site "Concordia BRA"]
[Date "2019.05.01"]
[Round "1.35"]
[White "Nascimento, An"]
[Black "Diersmann, Carolina Heemann"]
[Result "1-0"]
[WhiteElo "1882"]
[BlackElo "1127"]
[PlyCount "43"]
[EventDate "2019.05.01"]
[EventType "swiss"]
[EventRounds "9"]
[EventCountry "BRA"]
[SourceTitle "The Week in Chess 1279"]
[Source "Mark Crowther"]
[SourceDate "2019.05.13"]
[SourceVersion "1"]
[SourceVersionDate "2019.05.13"]
[SourceQuality "2"]

1. e4 e5 2. Nf3 Nc6 3. c3 Nf6 4. d4 exd4 5. e5 Qe7 6. cxd4 d6 7. Bb5 a6 8.
Bxc6+ bxc6 9. O-O dxe5 10. Nxe5 c5 11. Re1 Be6 12. Nc3 cxd4 13. Qxd4 Rd8 14.
Qa4+ Bd7 15. Qxa6 g6 16. Bg5 Bg7 17. Nxd7 Rxd7 18. Rxe7+ Kxe7 19. Re1+ Kf8 20.
Qc8+ Rd8 21. Qxd8+ Ne8 22. Qxe8# 1-0

[Event "V Concordia Open 2019"]
[Site "Concordia BRA"]
[Date "2019.05.01"]
[Round "1.27"]
[White "Ikejiri, Daniel Yoshito"]
[Black "Scardini, Leonardo"]
[Result "1-0"]
[WhiteElo "2002"]
[BlackElo "1281"]
[PlyCount "47"]
[EventDate "2019.05.01"]
[EventType "swiss"]
[EventRounds "9"]
[EventCountry "BRA"]
[SourceTitle "The Week in Chess 1279"]
[Source "Mark Crowther"]
[SourceDate "2019.05.13"]
[SourceVersion "1"]
[SourceVersionDate "2019.05.13"]
[SourceQuality "2"]

1. e4 e5 2. Nf3 Nc6 3. c3 Bc5 4. d4 exd4 5. cxd4 Bb4+ 6. Nc3 d6 7. d5 Nce7 8.
Qa4+ c6 9. Qxb4 c5 10. Qa4+ Bd7 11. Bb5 Nf6 12. Bf4 Nc8 13. Bxd7+ Nxd7 14. O-O
O-O 15. e5 dxe5 16. Nxe5 Ncb6 17. Qd1 Nf6 18. d6 Re8 19. Qf3 Nbd7 20. Nxd7 Qxd7
21. Rad1 b6 22. Bg5 Rad8 23. Bxf6 gxf6 24. Ne4 1-0

[Event "SVK-ch U16"]
[Site "Liptovsky Mikulas"]
[Date "2019.04.24"]
[Round "3"]
[White "Kostelansky, Karol"]
[Black "Baran, Kamil"]
[Result "1-0"]
[WhiteElo "1720"]
[BlackElo "1458"]
[PlyCount "33"]
[EventDate "2019.04.23"]
[EventType "swiss"]
[EventRounds "9"]
[EventCountry "SVK"]
[SourceTitle "OM OTB B 201907"]
[Source "Opening Master"]
[SourceDate "2019.07.06"]
[SourceVersion "2"]
[SourceVersionDate "2019.07.06"]
[SourceQuality "1"]

1. e4 e5 2. Nf3 Nc6 3. c3 Nf6 4. d4 exd4 5. e5 Nd5 6. Qb3 Nb6 7. cxd4 d5 8. Bb5
Be7 9. O-O O-O 10. Bf4 Bg4 11. Nbd2 Nb8 12. Rac1 N8d7 13. e6 fxe6 14. Bxc7 Qe8
15. Ne5 Bf5 16. Bxb6 axb6 17. Nxd7 1-0

[Event "RUS-ch Silent (Women)"]
[Site "Zelenograd"]
[Date "2019.04.07"]
[Round "5"]
[White "Lukina, Tatiana"]
[Black "Kudriavtseva, Natalia"]
[Result "1-0"]
[WhiteElo "1624"]
[BlackElo "1916"]
[PlyCount "96"]
[EventDate "2019.04.03"]
[EventType "tourn"]
[EventRounds "11"]
[EventCountry "RUS"]
[SourceTitle "OM OTB B 201907"]
[Source "Opening Master"]
[SourceDate "2019.07.06"]
[SourceVersion "2"]
[SourceVersionDate "2019.07.06"]
[SourceQuality "1"]

1. e4 e5 2. Nf3 Nc6 3. c3 d5 4. exd5 Qxd5 5. d3 Bg4 6. Be2 Rd8 7. O-O Bc5 8.
Qa4 Bd7 9. Qc2 Bf5 10. Ne1 Nge7 11. b4 Bb6 12. Bf3 Qd7 13. Be4 O-O 14. Ba3 Bxe4
15. dxe4 Ng6 16. Nf3 Rfe8 17. Nbd2 Nf4 18. g3 Qg4 19. Ne1 Ne2+ 20. Kh1 Re6 21.
Ndf3 Nf4 22. gxf4 exf4 23. Rg1 Qh5 24. Bc1 Rg6 25. Rxg6 hxg6 26. Bxf4 Qg4 27.
Bg3 Re8 28. e5 f6 29. exf6 Rxe1+ 30. Nxe1 gxf6 31. Ng2 Kg7 32. Re1 Qf3 33. Kg1
f5 34. b5 Na5 35. Re7+ Kh6 36. Bf4+ g5 37. Bxc7 Nc4 38. Bxb6 axb6 39. Re6+ Kh5
40. Qc1 Qd5 41. Re8 Nd2 42. Rh8+ Kg6 43. c4 Nxc4 44. h4 Nd2 45. h5+ Kg7 46.
Qb2+ Kf7 47. Rh7+ Ke6 48. Rh6+ Kd7 1-0

[Event "EU-ch Seniors 65 19th"]
[Site "Rhodes"]
[Date "2019.04.06"]
[Round "1"]
[White "Barle, Janez"]
[Black "Ladisic, Alex Sacha"]
[Result "1-0"]
[WhiteElo "2225"]
[BlackElo "1930"]
[PlyCount "121"]
[EventDate "2019.04.06"]
[EventType "swiss"]
[EventRounds "9"]
[EventCountry "GRE"]
[SourceTitle "OM OTB B 201907"]
[Source "Opening Master"]
[SourceDate "2019.07.06"]
[SourceVersion "2"]
[SourceVersionDate "2019.07.06"]
[SourceQuality "1"]

1. e4 e5 2. Nf3 Nc6 3. c3 Nf6 4. d4 Nxe4 5. d5 Ne7 6. Nxe5 Ng6 7. Qd4 f5 8.
Nxg6 hxg6 9. Be3 Kf7 10. Bc4 Nd6 11. Bb3 Be7 12. Nd2 Bf6 13. Qd3 a5 14. a4 b6
15. O-O-O Ba6 16. c4 Qe7 17. Nf3 Rae8 18. Bd4 Qe4 19. Qc3 Qg4 20. h3 Qh5 21.
Ne5+ Bxe5 22. Bxe5 Ne4 23. Qd4 Qh6+ 24. Kb1 d6 25. Bh2 Bc8 26. Bc2 Bd7 27. Rhe1
Nc5 28. b3 Qg5 29. Bf4 Qd8 30. f3 Rxe1 31. Rxe1 Rh5 32. Bd2 Rh4 33. Qf2 Rh8 34.
Bc3 Qh4 35. Qd2 Re8 36. Rxe8 Bxe8 37. Qe3 Bd7 38. Bb2 Kf8 39. Bd4 Qd8 40. g4
Kf7 41. Qc3 Qh8 42. Bxc5 dxc5 43. Qe5 Qxh3 44. Qxc7 Ke8 45. Qxb6 Qxf3 46. Qxg6+
Kd8 47. gxf5 Qc3 48. Qb6+ Ke8 49. Qxc5 Bxf5 50. Bxf5 Qe1+ 51. Kc2 Qe2+ 52. Kc3
Qe1+ 53. Kd3 Qf1+ 54. Ke4 Qg2+ 55. Kf4 Qh2+ 56. Kf3 Qh1+ 57. Ke2 Qh5+ 58. Kd2
Qxf5 59. Qxa5 Qf2+ 60. Kd1 g5 61. Qe1+ 1-0

[Event "ARG-ch sf 94th"]
[Site "Buenos Aires"]
[Date "2019.03.30"]
[Round "1"]
[White "Benedetti, Julio"]
[Black "Echeguren, Martin"]
[Result "1-0"]
[WhiteElo "2281"]
[BlackElo "1953"]
[PlyCount "61"]
[EventDate "2019.03.30"]
[EventType "swiss"]
[EventRounds "9"]
[EventCountry "ARG"]
[SourceTitle "OM OTB B 201907"]
[Source "Opening Master"]
[SourceDate "2019.07.06"]
[SourceVersion "2"]
[SourceVersionDate "2019.07.06"]
[SourceQuality "1"]

1. e4 e5 2. Nf3 Nc6 3. c3 Nf6 4. d4 Nxe4 5. d5 Ne7 6. Nxe5 Ng6 7. Nxg6 hxg6 8.
Qf3 Nf6 9. Be3 d6 10. Nd2 Be7 11. h3 Bd7 12. a4 c6 13. dxc6 bxc6 14. Bd4 d5 15.
Bd3 Qc7 16. O-O O-O 17. Rfe1 Rae8 18. a5 Bd8 19. b4 Rxe1+ 20. Rxe1 Re8 21. Re3
Nh5 22. Rxe8+ Bxe8 23. Qe3 Bd7 24. Bxa7 Qd6 25. Bc5 Qf6 26. Bd4 Qd6 27. Be5 Qe7
28. Nb3 f6 29. Bd4 Qd6 30. Nc5 Be7 31. g3 1-0

[Event "Asian Zonal zt 3.2 2019"]
[Site "Dhaka BAN"]
[Date "2019.03.15"]
[Round "1.19"]
[White "Kabir, Md.murshedul"]
[Black "Ahmed, Mah"]
[Result "0-1"]
[WhiteElo "1569"]
[BlackElo "2097"]
[PlyCount "62"]
[EventDate "2019.03.15"]
[EventType "swiss"]
[EventRounds "9"]
[EventCountry "BAN"]
[SourceTitle "The Week in Chess 1271"]
[Source "Mark Crowther"]
[SourceDate "2019.03.18"]
[SourceVersion "1"]
[SourceVersionDate "2019.03.18"]
[SourceQuality "2"]

1. e4 e5 2. Nf3 Nc6 3. c3 d5 4. exd5 Qxd5 5. d4 Bg4 6. Be2 e4 7. Ng1 Bf5 8. Be3
Nf6 9. Nd2 O-O-O 10. Qb3 Qxb3 11. Nxb3 Nd5 12. Bd2 Bd6 13. Bc4 Nce7 14. Ne2 Bg6
15. O-O Nb6 16. Na5 Nc6 17. Nxc6 Nxc4 18. Nxd8 Nxd2 19. Rfd1 Nc4 20. b3 Nb2 21.
Rd2 Nd3 22. Nxb7 Kxb7 23. a4 a5 24. c4 Bb4 25. Rdd1 Rd8 26. d5 Bc5 27. Rf1 c6
28. dxc6+ Kxc6 29. Rad1 Nxf2 30. Nc3 Nxd1+ 31. Kh1 Nxc3 0-1